[Event "Oberliga Wuerttemberg 1718"]
[Site "Wuerttemberg"]
[Date "2017.11.12"]
[Round "4.7"]
[White "Severin, Andreas"]
[Black "Wandel, Dietrich"]
[Result "1/2-1/2"]
[WhiteElo "2017"]
[BlackElo "2131"]
[PlyCount "64"]
[EventDate "2017.09.17"]
[EventType "team-tourn"]
[EventRounds "9"]
[EventCountry "GER"]
[SourceTitle "EXT 2019"]
[Source "ChessBase"]
[SourceDate "2018.10.10"]
[SourceVersion "1"]
[SourceVersionDate "2018.10.10"]
[SourceQuality "1"]
[WhiteTeam "Stuttgart Wolfbusch"]
[BlackTeam "Bebenhausen"]
[WhiteTeamCountry "GER"]
[BlackTeamCountry "GER"]

1. d4 Nf6 2. Bf4 d5 3. e3 Bf5 4. c4 e6 5. Qb3 Qc8 6. Nc3 c6 7. h3 Be7 8. Nf3 0-0 9. Be2 dxc4 10. Bxc4 b5 11. Be2 a6 12. 0-0 c5 13. dxc5 Nbd7 14. Nd4 Nxc5 15. Nxf5 exf5 16. Qc2 Nce4 17. Rac1 Qe6 18. a4 Rfc8 19. axb5 axb5 20. Bxb5 Bb4 21. Rfd1 Bxc3 22. bxc3 Nxc3 23. Bd3 Nxd1 24. Qxd1 Rxc1 25. Qxc1 Nd5 26. Bg3 Rc8 27. Qb1 g6 28. Kh2 Nc3 29. Qb2 Qd5 30. Ba6 Rc5 31. Qb8+ Kg7 32. Bd6 Ne4 1/2-1/2

[Event "Stuttgart-chA int"]
[Site "Ditzingen"]
[Date "2014.05.29"]
[Round "1"]
[White "Severin, Andreas"]
[Black "Raupp, Thomas"]
[Result "0-1"]
[WhiteElo "2008"]
[BlackElo "2310"]
[PlyCount "52"]
[EventDate "2014.05.29"]
[EventType "swiss"]
[EventRounds "7"]
[EventCountry "GER"]
[SourceTitle "EXT 2015"]
[Source "ChessBase"]
[SourceDate "2014.11.20"]
[SourceVersion "1"]
[SourceVersionDate "2014.11.20"]
[SourceQuality "1"]

1. Nf3 d5 2. d4 Nf6 3. c4 c6 4. cxd5 cxd5 5. Nc3 Nc6 6. Ne5 e6 7. Nxc6 bxc6 8. e3 c5 9. dxc5 Bxc5 10. Bb5+ Bd7 11. Qa4 0-0 12. 0-0 Qe7 13. Bxd7 Nxd7 14. a3 Rfc8 15. Ne2 a5 16. Bd2 Nb6 17. Qg4 Nc4 18. Bc3 f5 19. Qf3 Rab8 20. Nf4 Qf7 21. Qg3 Bd6 22. Rac1 e5 23. Nd3 d4 24. Bxa5 e4 25. Rxc4 Bxg3 26. Rxc8+ Rxc8 0-1

[Event "Stuttgart-chA int"]
[Site "Ditzingen"]
[Date "2013.05.11"]
[Round "5"]
[White "Severin, Andreas"]
[Black "Ivanov, Alexander"]
[Result "0-1"]
[WhiteElo "2035"]
[BlackElo "1910"]
[PlyCount "72"]
[EventDate "2013.05.09"]
[EventType "swiss"]
[EventRounds "7"]
[EventCountry "GER"]
[SourceTitle "EXT 2014"]
[Source "ChessBase"]
[SourceDate "2013.11.20"]
[SourceVersion "1"]
[SourceVersionDate "2013.11.20"]
[SourceQuality "1"]

1. d4 Nf6 2. Nf3 c5 3. c3 d5 4. e3 e6 5. Bd3 Bd6 6. Nbd2 Nbd7 7. 0-0 0-0 8. e4 cxd4 9. cxd4 dxe4 10. Nxe4 Be7 11. Ne5 Nd5 12. Ng3 Qc7 13. f4 Nxe5 14. fxe5 f5 15. Qb3 Qb6 16. Qxb6 Nxb6 17. b3 Rd8 18. Bb2 Bd7 19. Bc4 Nxc4 20. bxc4 Bc6 21. Ne2 g5 22. g3 b5 23. c5 a5 24. Kf2 Kf7 25. Ke3 b4 26. a3 Rdb8 27. axb4 Rxb4 28. Bc3 Rb3 29. Kd2 a4 30. Nc1 Rb7 31. Nd3 Rab8 32. Ba5 Bd8 33. Bxd8 Rxd8 34. Rfb1 Rxb1 35. Rxb1 Rxd4 36. Kc3 Rxd3+ 0-1

[Event "Wuerttemberg-ch KT"]
[Site "Stuttgart"]
[Date "2010.09.05"]
[Round "9"]
[White "Severin, Andreas"]
[Black "Gustain, Marc"]
[Result "1/2-1/2"]
[WhiteElo "2024"]
[BlackElo "2092"]
[PlyCount "77"]
[EventDate "2010.08.28"]
[EventType "swiss"]
[EventRounds "9"]
[EventCountry "GER"]
[SourceTitle "EXT 2017"]
[Source "ChessBase"]
[SourceDate "2016.10.25"]
[SourceVersion "1"]
[SourceVersionDate "2016.10.25"]
[SourceQuality "1"]

1. c4 c5 2. Nc3 Nc6 3. g3 g6 4. Bg2 Bg7 5. Nf3 e5 6. 0-0 Nge7 7. e4 0-0 8. d3 d6 9. Ne1 f5 10. f4 Nd4 11. Nc2 Nec6 12. Nxd4 Nxd4 13. Be3 exf4 14. Bxf4 Rb8 15. Qd2 Be6 16. Bh6 Qc7 17. Bxg7 Qxg7 18. Rae1 Kh8 19. Kh1 b6 20. b3 Rbd8 21. Qc1 Rf7 22. Ne2 Nxe2 23. Rxe2 Rdf8 24. Ref2 fxe4 25. Rxf7 Rxf7 26. Rxf7 Qxf7 27. Qb2+ Qg7 28. Qxg7+ Kxg7 29. Bxe4 Kf6 30. Kg1 Ke5 31. Kf2 d5 32. cxd5 Bxd5 33. Bxd5 Kxd5 34. Ke3 b5 35. a3 a5 36. Ke2 c4 37. dxc4+ bxc4 38. b4 axb4 39. axb4 1/2-1/2

[Event "Stuttgart-chA int"]
[Site "Ditzingen"]
[Date "2008.05.03"]
[Round "6"]
[White "Wagner, Florian"]
[Black "Severin, Andreas"]
[Result "1-0"]
[WhiteElo "2183"]
[BlackElo "1981"]
[PlyCount "53"]
[EventDate "2008.05.01"]
[EventType "swiss"]
[EventRounds "7"]
[EventCountry "GER"]
[SourceTitle "EXT 2018"]
[Source "ChessBase"]
[SourceDate "2017.10.13"]
[SourceVersion "1"]
[SourceVersionDate "2017.10.13"]
[SourceQuality "1"]

1. e4 e6 2. d4 d5 3. Nd2 dxe4 4. Nxe4 Bd7 5. Nf3 Bc6 6. Bd3 Nd7 7. c4 Ngf6 8. Nc3 Bxf3 9. Qxf3 c6 10. Be3 Qa5 11. 0-0 0-0-0 12. a3 Qh5 13. Qxh5 Nxh5 14. Be2 Nhf6 15. b4 Bd6 16. f4 Kb8 17. Rab1 Ka8 18. a4 Rc8 19. a5 Nb8 20. Rb3 Rc7 21. Bf3 h5 22. Ra1 Ng4 23. Bd2 Rd8 24. Na4 Nd7 25. b5 c5 26. b6 Rcc8 27. a6 1-0

[Event "Stuttgart-chA int"]
[Site "Ditzingen"]
[Date "2006.05.25"]
[Round "1"]
[White "Severin, Andreas"]
[Black "Hirneise, Tobias"]
[Result "0-1"]
[WhiteElo "1965"]
[BlackElo "2210"]
[PlyCount "92"]
[EventDate "2006.05.25"]
[EventType "swiss"]
[EventRounds "7"]
[EventCountry "GER"]
[SourceTitle "EXT 2018"]
[Source "ChessBase"]
[SourceDate "2017.10.13"]
[SourceVersion "1"]
[SourceVersionDate "2017.10.13"]
[SourceQuality "1"]

1. d4 Nf6 2. Nf3 g6 3. g3 Bg7 4. Bg2 0-0 5. 0-0 d6 6. c4 Nc6 7. Nc3 a6 8. h3 Bd7 9. Be3 Rb8 10. Qd2 b5 11. d5 Na5 12. cxb5 Nc4 13. Qc1 Nxe3 14. Qxe3 axb5 15. b4 Qc8 16. Kh2 c6 17. Rac1 cxd5 18. Qxe7 Qa6 19. Qe3 Rfe8 20. Qd2 Ne4 21. Nxe4 dxe4 22. Ng5 Bh6 23. f4 exf3 24. Bxf3 Re5 25. h4 Rbe8 26. Rc7 Bxg5 27. hxg5 Be6 28. Rc6 Qxa2 29. Qxa2 Bxa2 30. Rxd6 Bc4 31. Rc6 Bxe2 32. Bxe2 Rxe2+ 33. Kh3 R2e4 34. Rc7 R8e7 35. Rxe7 Rxe7 36. Rf4 Rc7 37. Kg4 Kf8 38. Rd4 Ke7 39. Kf3 Ke6 40. Rh4 Rc3+ 41. Kf2 Rc7 42. Rf4 Ke5 43. Kf3 Kd5 44. Rh4 Rc3+ 45. Kf2 Rc4 46. Rxh7 Ke6 0-1

[Event "Berlin op 03"]
[Site "Berlin"]
[Date "2005.03.29"]
[Round "4"]
[White "Scholz, Alexander"]
[Black "Severin, Andreas"]
[Result "1-0"]
[WhiteElo "2047"]
[BlackElo "1825"]
[PlyCount "71"]
[EventDate "2005.03.25"]
[EventType "swiss"]
[EventRounds "9"]
[EventCountry "GER"]
[SourceTitle "EXT 2007"]
[Source "ChessBase"]
[SourceDate "2006.11.23"]
[SourceVersion "1"]
[SourceVersionDate "2006.11.23"]
[SourceQuality "1"]

1. c4 e5 2. Nc3 Nf6 3. Nf3 Nc6 4. g3 Bb4 5. Bg2 Bxc3 6. bxc3 0-0 7. Qc2 Re8 8. e4 d6 9. 0-0 Be6 10. d3 h6 11. Nd2 Qd7 12. Re1 Bh3 13. Nf1 Bxg2 14. Kxg2 Nd8 15. Ne3 g6 16. f3 Ne6 17. Nd5 Nxd5 18. cxd5 Ng5 19. Bxg5 hxg5 20. Qd2 f6 21. d4 Kg7 22. dxe5 dxe5 23. c4 Rh8 24. g4 Rh4 25. h3 Rah8 26. Rh1 Qa4 27. Rab1 b6 28. c5 Qa3 29. cxb6 axb6 30. Rbc1 Qe7 31. Rc6 Ra8 32. Rhc1 Ra7 33. Qc2 Qa3 34. Rxc7+ Rxc7 35. Qxc7+ Kh6 36. Qc8 1-0

[Event "Berlin op 10"]
[Site "Berlin"]
[Date "2003.10.13"]
[Round "1"]
[White "Heyne, Klaus"]
[Black "Severin, Andreas"]
[Result "0-1"]
[WhiteElo "1222"]
[BlackElo "1792"]
[PlyCount "82"]
[EventDate "2003.10.13"]
[EventType "swiss"]
[EventRounds "7"]
[EventCountry "GER"]
[SourceTitle "EXT 2007"]
[Source "ChessBase"]
[SourceDate "2006.11.23"]
[SourceVersion "1"]
[SourceVersionDate "2006.11.23"]
[SourceQuality "1"]

1. c4 e6 2. d4 f5 3. Nc3 Nf6 4. Nf3 d5 5. cxd5 exd5 6. e3 c6 7. Be2 Bd6 8. 0-0 0-0 9. a3 Ne4 10. Bd2 Nd7 11. b4 Nxc3 12. Bxc3 Nf6 13. Rc1 f4 14. exf4 Bxf4 15. Bd2 Qd6 16. Bxf4 Qxf4 17. Qd2 Ne4 18. Qxf4 Rxf4 19. h3 Nd6 20. Rfd1 Bf5 21. g3 Re4 22. Bd3 Re7 23. Bxf5 Nxf5 24. Ne5 Nxd4 25. Rxd4 Rxe5 26. Rdd1 Kf7 27. Kg2 Rae8 28. b5 R8e6 29. bxc6 bxc6 30. Rd2 Ke7 31. Rb2 Kd6 32. Rb7 Re7 33. Rb8 d4 34. Rd8+ Rd7 35. Rf8 c5 36. a4 d3 37. a5 d2 38. Rd1 Ke7 39. Rb8 Re1 40. Rbb1 Rxd1 41. Rxd1 c4 0-1

[Event "Berlin op 08"]
[Site "Berlin"]
[Date "2002.08.19"]
[Round "3"]
[White "Severin, Andreas"]
[Black "Poseck, Steffen"]
[Result "0-1"]
[WhiteElo "1780"]
[BlackElo "2057"]
[PlyCount "86"]
[EventDate "2002.08.17"]
[EventType "swiss"]
[EventRounds "9"]
[EventCountry "GER"]
[SourceTitle "EXT 2007"]
[Source "ChessBase"]
[SourceDate "2006.11.23"]
[SourceVersion "1"]
[SourceVersionDate "2006.11.23"]
[SourceQuality "1"]

1. Nf3 Nf6 2. g3 g6 3. Bg2 Bg7 4. 0-0 d5 5. c4 0-0 6. d4 dxc4 7. Na3 c3 8. bxc3 c5 9. Ne5 Nd5 10. Qb3 e6 11. Nac4 f6 12. Nd3 cxd4 13. cxd4 Nc6 14. e3 Re8 15. Ba3 Bf8 16. Bxf8 Rxf8 17. Rfd1 Rb8 18. Rac1 b5 19. Bxd5 exd5 20. Ncb2 Na5 21. Qb4 Bg4 22. Rd2 Nc4 23. Rdc2 Bf5 24. Rc3 a5 25. Qc5 Qd7 26. Nxc4 dxc4 27. Nf4 Be4 28. d5 Rfd8 29. Qd4 Qf5 30. d6 g5 31. Nh5 Kf7 32. f4 Bf3 33. e4 Bxe4 34. fxg5 Kg6 35. Qxf6+ Qxf6 36. Nxf6 Bd3 37. h4 Rxd6 38. Re1 b4 39. Rcc1 b3 40. axb3 cxb3 41. Re3 b2 42. h5+ Kf7 43. Rc7+ Kf8 0-1

[Event "Berlin op 08"]
[Site "Berlin"]
[Date "2002.08.18"]
[Round "2"]
[White "Rudolph, Stephanie"]
[Black "Severin, Andreas"]
[Result "0-1"]
[WhiteElo "1405"]
[BlackElo "1780"]
[PlyCount "60"]
[EventDate "2002.08.17"]
[EventType "swiss"]
[EventRounds "9"]
[EventCountry "GER"]
[SourceTitle "EXT 2007"]
[Source "ChessBase"]
[SourceDate "2006.11.23"]
[SourceVersion "1"]
[SourceVersionDate "2006.11.23"]
[SourceQuality "1"]

1. c4 e6 2. d4 d5 3. e3 Nf6 4. Nc3 c6 5. Nf3 Nbd7 6. Qc2 Bd6 7. cxd5 exd5 8. Bd3 0-0 9. 0-0 Re8 10. a3 a5 11. e4 dxe4 12. Nxe4 Nxe4 13. Bxe4 Nf6 14. Bd3 h6 15. h3 Qc7 16. a4 Be6 17. Be3 Bd5 18. Nd2 Re7 19. Nc4 Bh2+ 20. Kh1 Rae8 21. Nxa5 Bf4 22. Bxf4 Qxf4 23. Rad1 Bxg2+ 24. Kxg2 Qg5+ 25. Kh1 Qxa5 26. Rg1 Qd5+ 27. Kh2 Qd6+ 28. Kh1 Qf4 29. Qd2 Qf3+ 30. Kh2 Re2 0-1

[Event "Berlin Kreuzberg op 3th"]
[Site "Berlin"]
[Date "2002.07.12"]
[Round "7"]
[White "Svrcek, Jozef"]
[Black "Severin, Andreas"]
[Result "1-0"]
[WhiteElo "1990"]
[BlackElo "1756"]
[PlyCount "101"]
[EventDate "2002.07.06"]
[EventType "swiss"]
[EventRounds "9"]
[EventCountry "GER"]
[SourceTitle "EXT 2022"]
[Source "ChessBase"]
[SourceDate "2021.10.06"]
[SourceVersion "1"]
[SourceVersionDate "2021.10.06"]
[SourceQuality "1"]

1. d4 d5 2. c4 c6 3. Nc3 Nf6 4. Nf3 e6 5. Bg5 Nbd7 6. e3 Bd6 7. cxd5 exd5 8. Bd3 h6 9. Bh4 Qb6 10. Qc2 0-0 11. 0-0 Re8 12. Rab1 Qc7 13. Rfc1 g5 14. Bg3 Bxg3 15. hxg3 Qd6 16. b4 b5 17. e4 dxe4 18. Nxe4 Nxe4 19. Bxe4 Bb7 20. Bxc6 Rac8 21. d5 Bxc6 22. dxc6 Ne5 23. Qc5 Qxc5 24. Rxc5 Nd3 25. Rd5 g4 26. Rxd3 gxf3 27. Rc1 fxg2 28. Rd5 a6 29. Rd7 Red8 30. Ra7 Rd4 31. Rc5 Rc4 32. Rxa6 Rxc5 33. bxc5 b4 34. Kxg2 Kg7 35. Rb6 Kf6 36. Rxb4 Ke5 37. Rb2 Rxc6 38. Rc2 Kd4 39. Kf3 Kd3 40. Rc1 Kd2 41. Rc4 Kd3 42. Rf4 Rxc5 43. Rxf7 Ra5 44. Rd7+ Kc3 45. Kg4 Rxa2 46. f4 Ra5 47. Rh7 Ra6 48. Kh5 Kd4 49. Rxh6 Ra5+ 50. Kg4 Ra1 51. Re6 1-0

[Event "Baunatal op 7th"]
[Site "Baunatal"]
[Date "2001.08.09"]
[Round "2"]
[White "Plietz, Burckhard"]
[Black "Severin, Andreas"]
[Result "0-1"]
[WhiteElo "1358"]
[BlackElo "1802"]
[PlyCount "60"]
[EventDate "2001.08.08"]
[EventType "swiss"]
[EventRounds "7"]
[EventCountry "GER"]
[SourceTitle "EXT 2002"]
[Source "ChessBase"]
[SourceDate "2001.11.25"]
[SourceVersion "1"]
[SourceVersionDate "2001.11.25"]
[SourceQuality "1"]

1. Nf3 d5 2. e3 c6 3. d4 Bg4 4. h3 Bxf3 5. Qxf3 Nf6 6. Bd3 Nbd7 7. 0-0 e5 8. dxe5 Nxe5 9. Qe2 Bd6 10. f4 Nxd3 11. cxd3 Qb6 12. b3 0-0-0 13. Nd2 Rde8 14. Qf2 Bc5 15. d4 Bb4 16. Nf3 Ne4 17. Qh4 h5 18. g4 Be7 19. g5 f6 20. g6 f5 21. Qe1 c5 22. Ba3 Qxg6+ 23. Kh2 Qa6 24. Bb2 Bf6 25. Ne5 Bxe5 26. fxe5 Qd3 27. Rc1 g5 28. dxc5 g4 29. Rd1 Qc2+ 30. Rd2 Nxd2 0-1